XXI [i.e. Tweny-One] Century : Civilization /

Documental de más de seis horas de duración, dividido en siete partes y distribuido en dos tomos en esta presentación en DVD, cuyos autores buscan situar en contexto, dar perspectiva histórica y armar el complejo rompecabezas político trazado a partir de los ataques del 11 de septiembre de 2001, un...

وصف كامل

محفوظ في:
التفاصيل البيبلوغرافية
المؤلف الرئيسي: Zamparini, Gabriele (realización)
مؤلفون آخرون: Zamparini, Gabriele (guión) (guión), Meccoli, Lorenzo (fotógrafo) (fotógrafo), Zamparini, Gabriele (fotógrafo) (fotógrafo), Meccoli, Lorenzo (montaje) (montaje)
التنسيق: شريحة
اللغة:الإنجليزية
منشور في: Londres, Inglaterra : producción de autor, 2003, c2003
الموضوعات:
الوسوم: إضافة وسم
لا توجد وسوم, كن أول من يضع وسما على هذه التسجيلة!

MARC

LEADER 00000ngm^a2200000^a^4500
001 000192651
005 20251020000000.0
009 20260310102615.358
020 |a 1-59458-256-4 
037 |a Acervo ITESO - Biblioteca 
041 |a ING 
082 |a 320. 97309311  |b ZAM V. 5-7 
100 |a Zamparini, Gabriele  |e (realización) 
240 1 1 |a [XXI Century ] 
245 1 0 |a XXI [i.e. Tweny-One] Century :  |b Civilization /  |c Realización de G. Zamparini. 
264 4 |a Londres, Inglaterra :  |b producción de autor,  |c 2003, c2003 
264 2 |a Oley, EUA :  |b Bullrog Films [distribución],  |c copyright fecha no identificada 
300 |a 1 DVD sin dato de región  |c (54, 55, 55 min.) +  |e 1 díptico 
336 |a imagen móvil bidimensional  |b tdi  |2 rdacontenido 
337 |a video  |b v  |2 rdamedio 
338 |a videodisco  |b vd  |2 rdasoporte 
520 |a Documental de más de seis horas de duración, dividido en siete partes y distribuido en dos tomos en esta presentación en DVD, cuyos autores buscan situar en contexto, dar perspectiva histórica y armar el complejo rompecabezas político trazado a partir de los ataques del 11 de septiembre de 2001, un panorama presidido por Estados Unidos como la máxima y quizás única super potencia mundial. Los cineastas italianos Gabriele Zamparini, para quien esta es su primera experiencia como director de largometrajes, y Lorenzo Meccoli, co-productor junto con Zamparini y legítimo coautor del documental, recogieron entre septiembre de 2002, a un año de los sucesos ocurridos en Nueva York y Washington, D.C., y mayo de 2003, dos meses después que iniciara la invasión de Estados Unidos y sus aliados a Irak, abundantes testimonios de actores sociales (intelectuales y actores, periodistas y analistas políticos, académicos, historiadores, representantes de organizaciones de derechos humanos y civiles, líderes religiosos, pacifistas y otros activistas políticos), entre ellos ciudadanos que participaron en manifestaciones contrarias a la guerra en la urbe neoyorkina y la capital norteamericana. Civilization, Blood and Oil y Pax Americana son los títulos específicos de las secciones contenidas en el segundo tomo. 
520 |a Civilizations propone un viaje por la historia de Irak, que conduce a los espectadores desde las épocas de sumerios, babilonios y asirios hasta las sanciones impuestas por la ONU y los ataques militares británico-norteamericanos posteriores a la Guerra del Golfo, entre cuyas consecuencias se cuentan la muerte de numerosos civiles, graves problemas de salud pública y la destrucción de la infraestructura y la herencia artística-histórica iraquí. La penúltima parte está vertebrada básicamente en torno a dos vertientes: la identificación y anticipación de los efectos de la invasión de Estados Unidos y sus aliados sobre la población civil y la economía iraquíes y un análisis diacrónico de la política exterior norteamericana, históricamente adversa a someterse a la voluntad de la comunidad internacional y sus organismos y en no pocas ocasiones, especialmente en relación con Medio Oriente, resultante de la necesidad de Estados Unidos de contar con proveedores "fiables" de petróleo. El documental concluye con un análisis del problema desde un enfoque general, que muestra semejanzas entre las administraciones de George Bush, hijo y Ariel Sharon, primer ministro israelí durante los años 2001-2006, en su vinculación de fundamentalismos religiosos con el poder del Estado y se interroga sobre los próximos pasos de la irrefrenable carrera norteamericana por ganar un cada vez mayor control en el panorama internacional. El extenso trabajo inicia en el primer tomo, con los segmentos The Dawn, ...And the Pursuit of Happiness, ... And Nothing but the Truth y War, Peace, and Patriotism. Complementa la presentación un folleto con sinopsis detalladas de las siete partes. El documental originó una versión reducida titulada The Peace, con dos horas de duración, y el libro American Voices of Dissent: the book from XXI Century, a film by Gabriele Zamparini and Lorenzo Meccoli (2005), ninguno de ellos disponible en la Biblioteca del ITESO. 
649 |a XX 
650 |a Cineastas Italianos 
650 |a Documentales 
650 |a Opera Prima 
650 |a Cine Inglés -  |y 2000-2009 
650 |a Cine Inglés -  |y Siglo XXI 
650 |a Relaciones Internacionales -  |z EUA-Irak -  |x Historia 
650 |a Relaciones Internacionales -  |z EUA-Israel -  |x Historia 
650 |a Intervención Militar en Irak 
650 |a Intervención Militar de EUA 
650 |a Guerra y Paz -  |z Irak -  |x Historia 
650 |a Violencia Política -  |z Irak -  |x Historia 
650 |a Imperialismo -  |z EUA 
650 |a Política Exterior -  |z EUA -  |x Historia -  |y 2001-2009 
650 |a Política Exterior -  |z EUA -  |x Historia -  |y Siglo XXI 
650 |a Política Petrolera -  |z EUA -  |x Historia 
650 |a Política Energética -  |z EUA -  |x Historia 
650 |a Política Económica -  |z EUA -  |x Historia 
650 |a Política y Religión -  |z EUA -  |x Historia 
650 |a Irak -  |x Condiciones Políticas 
650 |a Política -  |z Irak -  |x Historia -  |y Invasión Norteamericana, 2003-2004 
650 |a Política -  |z Irak -  |x Historia -  |y Siglo XXI 
650 |a Irak -  |x Historia 
650 |a EUA -  |x Condiciones Políticas 
650 |a Política -  |z EUA -  |x Historia -  |y 2001-2009 -  |x Tema Principal 
650 |a Política -  |z EUA -  |x Historia -  |y Siglo XXI 
650 |a Política Internacional -  |x Historia -  |y 2000-2009 
650 |a Política Internacional -  |x Historia -  |y Siglo XXI 
740 0 |a XXI [i.e. Tweny-One] Century :  |b Blood and Oil /  |c Realización de G. Zamparini. 
740 0 |a XXI [i.e. Tweny-One] Century :  |b Pax Americana /  |c Realización de G. Zamparini. 
700 |a Zamparini, Gabriele  |e (guión) 
700 |a Meccoli, Lorenzo  |e (fotógrafo) 
700 |a Zamparini, Gabriele  |e (fotógrafo) 
700 |a Meccoli, Lorenzo  |e (montaje) 
910 |a Fondo General 
920 |a Audiovisuales - DVDs 
940 |a Películas 
905 |a 308 
901 |a 0900072762  |b IT2  |c DVR  |u 20250521 
901 |a 0900072763  |b IT2  |c MIN  |u 20251020 
902 |a https://opac.biblio.iteso.mx/vufind/Record/000192651